000 00822nam a2200241 a 4500
003 DO-SdBNP
005 20240313073820.0
007 ta
008 221103t20152021|||||||| |||| 00| 0 eng d
020 _a9789945616637
040 _aDO-SdBNP
_bspa
_cBNPHU
082 4 _222
_bS374c
245 1 0 _aConversaciones con el enemigo: una mirada a la frontera imperial:
_bde Cristóbal Colón a Donald Trump. /
_cPierre Schori
260 _aSanto Domingo :
_bFunglode,
_c2021
300 _a223 p. :
_bil., fotogr. ;
_c23 cm.
490 _aRelaciones Internacionales
500 _aIncluye datos biográficos del autor en la solapas de las cubiertas.
500 _aIncluye abreviaciones.
590 _aInventariado 2022 / MF
710 2 _aFundación Global Democracía y Desarrollo
_925477
910 _aMFeliz
942 _2ddc
_cLBS1
999 _c52765
_d52765